| 000 | 00548nam a22001817a 4500 | ||
|---|---|---|---|
| 999 |
_c11781 _d11781 |
||
| 003 | AR-CdUCM | ||
| 008 | 190405b ||||| |||| 00| 0 spa d | ||
| 040 |
_aMUNICIPALIDAD PROVINCIAL DEL CUSCO _cBIBLIOTECA MUNICIPAL DEL CUSCO |
||
| 082 |
_a869.561 / _bE88 / 1960 |
||
| 100 |
_aEspinosa, Carlos _929320 |
||
| 245 | _aPoesías / | ||
| 260 |
_aLima : _bEscuela Nacional de Bellas Artes, _c1960. |
||
| 300 |
_a13 páginas ; _c14 cm. |
||
| 650 |
_aPoesía. _9139 |
||
| 650 |
_aPoesía peruana. _9806 |
||
| 942 |
_2ddc _cLIBROS |
||
| 945 |
_awfj _d2019-04-05 |
||